[Event "Vigevano U20 op 4th"]
[Site "Vigevano"]
[Date "2025.06.01"]
[Round "4"]
[White "Lucchi, Alessandro"]
[Black "Liloni, Francesco Mattia"]
[Result "0-1"]
[WhiteElo "1960"]
[BlackElo "2165"]
[PlyCount "74"]
[EventDate "2025.05.31"]
[EventType "swiss"]
[EventRounds "7"]
[EventCountry "ITA"]
[SourceTitle "CB23_2025"]
[SourceDate "2025.06.04"]
[SourceVersion "1"]
[SourceVersionDate "2025.06.04"]
[SourceQuality "1"]

1. c4 e5 2. Nc3 Bb4 3. Qc2 Ne7 4. Nf3 Nbc6 5. e3 d6 6. Nd5 a5 7. a3 Bc5 8. b3 Bf5 9. Qc3 f6 10. Nxe7 Qxe7 11. Be2 0-0 12. 0-0 e4 13. Nd4 Bxd4 14. exd4 Bg6 15. d3 exd3 16. Bxd3 Bxd3 17. Qxd3 Rfe8 18. Be3 Qe4 19. Qxe4 Rxe4 20. d5 Ne5 21. a4 b6 22. Rad1 Nd7 23. Rfe1 Rae8 24. Kf1 Kf7 25. Bd4 Kg6 26. Re3 Rxe3 27. Bxe3 Kf5 28. Rd4 h5 29. g3 Re4 30. Rxe4 Kxe4 31. Ke2 Ne5 32. h4 Nf3 33. Bf4 g5 34. hxg5 fxg5 35. Be3 h4 36. gxh4 gxh4 37. Kf1 h3 0-1

[Event "Vigevano U20 op 4th"]
[Site "Vigevano"]
[Date "2025.05.31"]
[Round "2"]
[White "Galelli, Emiliano"]
[Black "Liloni, Francesco Mattia"]
[Result "0-1"]
[WhiteElo "1731"]
[BlackElo "2165"]
[PlyCount "80"]
[EventDate "2025.05.31"]
[EventType "swiss"]
[EventRounds "7"]
[EventCountry "ITA"]
[SourceTitle "CB23_2025"]
[SourceDate "2025.06.04"]
[SourceVersion "1"]
[SourceVersionDate "2025.06.04"]
[SourceQuality "1"]

1. e4 e5 2. Nf3 Nc6 3. Bb5 Nge7 4. 0-0 g6 5. c3 a6 6. Bc4 Bg7 7. d4 d6 8. h3 0-0 9. Re1 b5 10. Bb3 Na5 11. Bc2 exd4 12. cxd4 c5 13. Be3 Nc4 14. Qc1 Nxe3 15. Qxe3 Nc6 16. Rd1 cxd4 17. Qe2 Re8 18. Bb3 Be6 19. Nbd2 Bxb3 20. Nxb3 d5 21. Qc2 Rc8 22. exd5 Qxd5 23. Qd2 Rcd8 24. Rac1 d3 25. Nc5 Qxa2 26. Nxd3 Nd4 27. Nxd4 Rxd4 28. Ra1 Qd5 29. Qc2 Rd8 30. Ra3 b4 31. Rb3 a5 32. Kh2 a4 33. Nf4 axb3 34. Qe2 Qe5 35. Rxd4 Rxd4 36. g3 Qxe2 37. Nxe2 Rd2 38. Nf4 Rxf2+ 39. Kg1 Rxf4 40. gxf4 Bxb2 0-1

[Event "Lignano Bella Italia op 3rd"]
[Site "Lignano Sabbiadoro"]
[Date "2024.08.17"]
[Round "1"]
[White "Vuelban, Virgilio"]
[Black "Liloni, Francesco Mattia"]
[Result "1-0"]
[WhiteElo "2237"]
[BlackElo "2008"]
[PlyCount "63"]
[EventDate "2024.08.17"]
[EventType "swiss"]
[EventRounds "9"]
[EventCountry "ITA"]
[SourceTitle "CBM 221 Extra"]
[Source "ChessBase"]
[SourceDate "2024.09.30"]
[SourceVersion "1"]
[SourceVersionDate "2024.09.30"]
[SourceQuality "1"]

1. e3 Nf6 2. c4 b6 3. Nf3 Bb7 4. d4 e6 5. Bd3 d6 6. Nc3 Nbd7 7. e4 e5 8. d5 g6 9. h3 Bg7 10. g4 h5 11. g5 Nh7 12. Rg1 a5 13. Nh4 Qe7 14. Be3 Nc5 15. Be2 Bc8 16. Rg3 Bd7 17. b3 Nf8 18. Qd2 0-0-0 19. 0-0-0 f5 20. gxf6 Bxf6 21. Nxg6 Nxg6 22. Rxg6 Rdf8 23. Bxc5 bxc5 24. Nb5 Bxb5 25. cxb5 Kb7 26. Qxa5 Bg5+ 27. Kb1 Ra8 28. Qc3 Ra3 29. b6 Rha8 30. Bb5 R8a5 31. Bc6+ Kxb6 32. Rg8 1-0

[Event "Clusane op 1st"]
[Site "Clusane"]
[Date "2024.03.03"]
[Round "7"]
[White "Liloni, Francesco Mattia"]
[Black "Hercegovac, Neven"]
[Result "1/2-1/2"]
[WhiteElo "2087"]
[BlackElo "2301"]
[PlyCount "145"]
[EventDate "2024.02.29"]
[EventType "swiss"]
[EventRounds "7"]
[EventCountry "ITA"]
[SourceTitle "CBM 219 Extra"]
[Source "ChessBase"]
[SourceDate "2024.05.31"]
[SourceVersion "1"]
[SourceVersionDate "2024.05.31"]
[SourceQuality "1"]

1. e4 c5 2. Nf3 Nc6 3. d4 cxd4 4. Nxd4 Nf6 5. Nc3 e6 6. Nxc6 bxc6 7. e5 Nd5 8. Ne4 Qc7 9. f4 Qb6 10. c4 Bb4+ 11. Ke2 f5 12. exf6 Nxf6 13. Be3 Qd8 14. Nd6+ Bxd6 15. Qxd6 Bb7 16. Rd1 Rc8 17. Rg1 c5 18. g4 Qc7 19. Qxc7 Rxc7 20. g5 Ne4 21. Bg2 Ke7 22. Bxe4 Bxe4 23. Bd2 d5 24. Bc3 d4 25. Ba5 Rc6 26. b4 Ra6 27. Rg3 d3+ 28. Ke3 Bf5 29. a3 Kf7 30. Rg2 Rb8 31. Rc1 Rb7 32. Rd2 Rd7 33. Rc3 Kg6 34. Rc1 Kh5 35. Rc3 Kg4 36. Rg2+ Kh5 37. Rd2 h6 38. gxh6 Kxh6 39. Rc1 g5 40. fxg5+ Kxg5 41. Rg1+ Kf6 42. Rg8 Rh7 43. Rdg2 Ke5 44. Rc8 Rh3+ 45. Rg3 Rxg3+ 46. hxg3 cxb4 47. axb4 Kd6 48. Rg8 Ke7 49. g4 Kf7 50. Rg5 Bg6 51. c5 Kf6 52. Bd8+ Kf7 53. b5 Ra2 54. Rxg6 Kxg6 55. Kxd3 Rb2 56. Kc4 Kf7 57. c6 Rd2 58. Ba5 Rc2+ 59. Kb3 Rc1 60. Bd2 Rb1+ 61. Kc4 Ke7 62. Be3 Ra1 63. Bc5+ Kd8 64. Bd4 Ra2 65. g5 Kc7 66. g6 Rg2 67. g7 a6 68. Be5+ Kb6 69. Bd4+ Kc7 70. bxa6 Kxc6 71. a7 Kb7 72. Kd3 Rxg7 73. Bxg7 1/2-1/2

[Event "Clusane op 1st"]
[Site "Clusane"]
[Date "2024.02.29"]
[Round "1"]
[White "Liloni, Francesco Mattia"]
[Black "Maldonado Gonzales, Stefano"]
[Result "1-0"]
[WhiteElo "2087"]
[BlackElo "2234"]
[PlyCount "105"]
[EventDate "2024.02.29"]
[EventType "swiss"]
[EventRounds "7"]
[EventCountry "ITA"]
[SourceTitle "CBM 219 Extra"]
[Source "ChessBase"]
[SourceDate "2024.05.31"]
[SourceVersion "1"]
[SourceVersionDate "2024.05.31"]
[SourceQuality "1"]

1. e4 e5 2. Nf3 Nc6 3. Nc3 Nf6 4. h3 Bb4 5. a3 Bxc3 6. dxc3 Nxe4 7. Nxe5 Nxe5 8. Qd4 0-0 9. Qxe4 d5 10. Qd4 Re8 11. Be3 b6 12. 0-0-0 Bb7 13. Be2 c5 14. Qf4 Qd7 15. h4 Rad8 16. h5 Qe6 17. h6 g6 18. Rhe1 Bc6 19. Kb1 f5 20. Qh4 Nf7 21. g4 fxg4 22. Bxg4 Qe7 23. Qh2 Qf6 24. Qc7 Qd6 25. Qxa7 Bd7 26. Bxd7 Re7 27. Bg5 Nxg5 28. Rxe7 Qxe7 29. Be6+ Kf8 30. Qxe7+ Kxe7 31. Bxd5 Kf6 32. Kc1 Re8 33. b4 Nh3 34. f3 Kg5 35. a4 Re7 36. Be4 Ra7 37. a5 bxa5 38. Rd5+ Kxh6 39. Rxc5 axb4 40. cxb4 Nf2 41. Bc6 Ra6 42. b5 Rb6 43. Rd5 Nh3 44. c4 Nf4 45. Rd6 Kg5 46. c5 Rb8 47. Bd7 h5 48. Rb6 Rd8 49. c6 Nd5 50. Rb7 Ne7 51. Be6 Nd5 52. Rd7 Rxd7 53. cxd7 1-0

[Event "Palmanova op 12th"]
[Site "Palmanova"]
[Date "2023.12.10"]
[Round "4"]
[White "Casadio, Niccolo"]
[Black "Liloni, Francesco Mattia"]
[Result "1-0"]
[WhiteElo "2126"]
[BlackElo "2048"]
[PlyCount "47"]
[EventDate "2023.12.08"]
[EventType "swiss"]
[EventRounds "5"]
[EventCountry "ITA"]
[SourceTitle "CBM 217 Extra"]
[Source "ChessBase"]
[SourceDate "2024.01.31"]
[SourceVersion "1"]
[SourceVersionDate "2024.01.31"]
[SourceQuality "1"]

1. e4 e5 2. Nf3 Nc6 3. Bb5 a6 4. Ba4 Nf6 5. 0-0 b5 6. Bb3 Bc5 7. c3 d6 8. a4 Bb7 9. d4 Bb6 10. h3 0-0 11. Re1 h6 12. Be3 Na5 13. Bc2 Re8 14. Nbd2 exd4 15. Nxd4 Nxe4 16. axb5 Nxd2 17. Qxd2 axb5 18. Bxh6 Re5 19. Rxe5 dxe5 20. Bxg7 Qd5 21. Qg5 exd4 22. Bh7+ Kxh7 23. Qh6+ Kg8 24. Qh8# 1-0

[Event "ITA-ch U16"]
[Site "Tarvisio"]
[Date "2023.07.07"]
[Round "7"]
[White "Baldeschi, Niccolo`"]
[Black "Liloni, Francesco Mattia"]
[Result "1/2-1/2"]
[WhiteElo "1867"]
[BlackElo "2068"]
[PlyCount "201"]
[EventDate "2023.07.02"]
[EventType "swiss"]
[EventRounds "9"]
[EventCountry "ITA"]
[SourceTitle "EXT 2024"]
[Source "ChessBase"]
[SourceDate "2023.10.10"]
[SourceVersion "1"]
[SourceVersionDate "2023.10.10"]
[SourceQuality "1"]

1. d4 g6 2. Nf3 Bg7 3. e4 d6 4. c4 c5 5. Nc3 Bg4 6. d5 Nf6 7. Be2 0-0 8. h3 Bxf3 9. Bxf3 Nbd7 10. Bf4 a6 11. a4 Qb6 12. Qd2 Qb4 13. a5 b5 14. Be2 bxc4 15. Ra4 Qb7 16. Bxc4 Rfb8 17. b3 Ne8 18. 0-0 Nc7 19. Ne2 Nb5 20. Kh1 Qc8 21. Bg3 Nd4 22. Qd3 Nxe2 23. Qxe2 Rb4 24. Ra2 Qb7 25. f4 Rxb3 26. Bxb3 Qxb3 27. Bh4 Kf8 28. Qc2 Qxc2 29. Rxc2 Rb8 30. Rcc1 Ke8 31. Rb1 Rb5 32. Rxb5 axb5 33. Rb1 b4 34. a6 Nb6 35. Be1 Bd4 36. a7 Na8 37. Bxb4 cxb4 38. Rxb4 Bb6 39. Rc4 Kd7 40. Rc6 e6 41. g4 f5 42. gxf5 gxf5 43. exf5 exd5 44. f6 Bc7 45. Rc1 d4 46. Rd1 Ke6 47. Rxd4 Kxf6 48. Kg2 Ke6 49. Kf3 d5 50. f5+ Ke5 51. Rh4 Bb6 52. Rxh7 Kxf5 53. Rh8 Bxa7 54. Rxa8 Bb6 55. h4 Bc7 56. Rg8 Ba5 57. Rg5+ Ke6 58. Ke2 Bd8 59. Rh5 Kf7 60. Rxd5 Bxh4 61. Kf3 Ke6 62. Ke4 Bf6 63. Ra5 Be7 64. Rh5 Bd6 65. Rh6+ Kd7 66. Kd5 Be7 67. Ra6 Bd8 68. Ra7+ Bc7 69. Kc5 Kd8 70. Ra8+ Ke7 71. Ra6 Bf4 72. Kd5 Bg3 73. Re6+ Kf7 74. Re3 Bh4 75. Kd6 Bg5 76. Rf3+ Bf6 77. Rf5 Kg6 78. Ke6 Bg5 79. Rf8 Kg7 80. Rf7+ Kg6 81. Rf1 Be3 82. Rf3 Bd2 83. Rf2 Be3 84. Rg2+ Kh5 85. Re2 Bf4 86. Kf5 Bd6 87. Rd2 Bg3 88. Rd8 Kh6 89. Rd3 Bf2 90. Kf6 Kh5 91. Rd2 Be1 92. Re2 Bc3+ 93. Kf5 Kh6 94. Rc2 Bd4 95. Rc7 Bb2 96. Kg4 Bd4 97. Rc6+ Kg7 98. Kf5 Bb2 99. Rg6+ Kh7 100. Rg2 Bc3 101. Rg3 1/2-1/2

[Event "ITA-ch U16"]
[Site "Tarvisio"]
[Date "2023.07.06"]
[Round "6"]
[White "Liloni, Francesco Mattia"]
[Black "Candiano, Valerio"]
[Result "1-0"]
[WhiteElo "2068"]
[BlackElo "1898"]
[PlyCount "35"]
[EventDate "2023.07.02"]
[EventType "swiss"]
[EventRounds "9"]
[EventCountry "ITA"]
[SourceTitle "EXT 2024"]
[Source "ChessBase"]
[SourceDate "2023.10.10"]
[SourceVersion "1"]
[SourceVersionDate "2023.10.10"]
[SourceQuality "1"]

1. e4 e6 2. Nc3 d5 3. Nf3 d4 4. Ne2 c5 5. Ng3 Nc6 6. Bb5 Nge7 7. 0-0 g6 8. d3 Bg7 9. e5 0-0 10. Re1 Qc7 11. Bg5 a6 12. Bxc6 Nxc6 13. Bf6 b6 14. Qd2 Bb7 15. Nh5 Nxe5 16. Nxe5 Bxf6 17. Nxf6+ Kg7 18. Neg4 1-0

[Event "Bassano del Grappa Vergani Cup"]
[Site "Bassano del Grappa"]
[Date "2023.02.04"]
[Round "7"]
[White "Levesque, Guillaume"]
[Black "Liloni, Francesco Mattia"]
[Result "1/2-1/2"]
[WhiteElo "1902"]
[BlackElo "2012"]
[PlyCount "109"]
[EventDate "2023.02.01"]
[EventType "swiss"]
[EventRounds "9"]
[EventCountry "ITA"]
[SourceTitle "CBM 212 Extra"]
[Source "ChessBase"]
[SourceDate "2023.03.31"]
[SourceVersion "1"]
[SourceVersionDate "2023.03.31"]
[SourceQuality "1"]

1. d4 f5 2. g3 Nf6 3. Bg2 d6 4. Nf3 g6 5. c4 Bg7 6. 0-0 0-0 7. b3 Nbd7 8. Ng5 Nb6 9. Bb2 h6 10. Nf3 c6 11. Nbd2 d5 12. Ne5 Kh7 13. cxd5 cxd5 14. Rc1 Be6 15. Ba3 Rc8 16. Rxc8 Nxc8 17. Qc2 Qa5 18. Qb2 Nd6 19. Bxd6 exd6 20. Nd3 g5 21. e3 Ne4 22. Nxe4 fxe4 23. Nc1 Bg4 24. h3 Bf3 25. Bxf3 Rxf3 26. Ne2 h5 27. Kg2 Qd8 28. Qc2 Kh8 29. Ng1 Rf7 30. Rc1 Qf6 31. Qe2 g4 32. Rc8+ Bf8 33. h4 Qf5 34. Qc2 Kh7 35. Rc7 Kg6 36. Rxf7 Qxf7 37. Qc8 Bh6 38. Qd8 Bf8 39. Ne2 Qf3+ 40. Kf1 Kf7 41. Qd7+ Kf6 42. Qxb7 Bh6 43. Qb8 Ke7 44. Qc7+ Ke6 45. Qc8+ Ke7 46. Qc7+ Ke6 47. Qd8 Kf7 48. Qd7+ Kg8 49. Qe8+ Kg7 50. Qe7+ Kg8 51. Ng1 Qd1+ 52. Kg2 Qd2 53. Qe6+ Kg7 54. Qe7+ Kg8 55. Qe8+ 1/2-1/2

[Event "Bassano del Grappa Vergani Cup"]
[Site "Bassano del Grappa"]
[Date "2023.02.03"]
[Round "5"]
[White "Mazzi, Leonardo"]
[Black "Liloni, Francesco Mattia"]
[Result "0-1"]
[WhiteElo "1814"]
[BlackElo "2012"]
[PlyCount "176"]
[EventDate "2023.02.01"]
[EventType "swiss"]
[EventRounds "9"]
[EventCountry "ITA"]
[SourceTitle "CBM 212 Extra"]
[Source "ChessBase"]
[SourceDate "2023.03.31"]
[SourceVersion "1"]
[SourceVersionDate "2023.03.31"]
[SourceQuality "1"]

1. e4 e5 2. Nf3 Nc6 3. Bc4 Nf6 4. d3 h6 5. c3 d6 6. Nbd2 g5 7. b4 Bg7 8. Qb3 Qe7 9. a4 Be6 10. Bxe6 fxe6 11. a5 0-0 12. a6 b6 13. Nc4 Qf7 14. 0-0 Rae8 15. b5 Nd8 16. Ba3 Qh5 17. Nfxe5 dxe5 18. Bxf8 Rxf8 19. Ne3 Qg6 20. Qc4 Rf7 21. Ra2 Ne8 22. Qb3 Rd7 23. Nf5 Bf8 24. Rd1 Kh7 25. Ne3 Bg7 26. Rad2 Nf6 27. g3 g4 28. Ng2 Nh5 29. Qc4 Bf6 30. Ne3 Ng7 31. Nc2 Bg5 32. Re2 Ne8 33. Qb3 Qf6 34. Ree1 Nf7 35. Nb4 Ned6 36. Nc6 Nc8 37. Qb4 Kg7 38. Nb8 Rd8 39. Nc6 Rf8 40. Qb2 h5 41. Nb8 Qf3 42. c4 h4 43. Qe2 hxg3 44. fxg3 Qxe2 45. Rxe2 Be7 46. Kg2 Ncd6 47. Nc6 Nc8 48. Nxe7 Nxe7 49. Rf2 Rd8 50. Kf1 Ng5 51. Ke2 Ng6 52. Rdf1 Rd7 53. Ke3 Nh3 54. Rc2 Ng5 55. c5 Nf3 56. cxb6 cxb6 57. Rff2 Ne7 58. Rc3 Nd4 59. Rb2 Kf8 60. Rb4 Ke8 61. Rb2 Kd8 62. Rc1 Nc8 63. Rf1 Nd6 64. Rf6 Rg7 65. Rf8+ Ke7 66. Rb8 N4xb5 67. Rb7+ Kf6 68. Rf2+ Kg6 69. Rxg7+ Kxg7 70. Kd2 Nc7 71. Kc1 Ndb5 72. Ra2 Nd4 73. Ra3 b5 74. Kb1 Kf7 75. Rc3 Nxa6 76. Ra3 Nc5 77. Rxa7+ Kg6 78. Ra8 Nxd3 79. Rg8+ Kf7 80. Rxg4 b4 81. Rh4 b3 82. Rh7+ Kf6 83. Rb7 Nc5 84. Kb2 Nxb7 85. h4 Nc5 86. h5 Nd3+ 87. Kb1 Nb5 88. g4 Nc3+ 0-1

[Event "Arco Christmas op 12th"]
[Site "Arco"]
[Date "2022.12.27"]
[Round "3"]
[White "Zamboni, Matteo"]
[Black "Liloni, Francesco Mattia"]
[Result "0-1"]
[WhiteElo "1530"]
[BlackElo "1909"]
[PlyCount "60"]
[EventDate "2022.12.26"]
[EventType "swiss"]
[EventRounds "7"]
[EventCountry "ITA"]
[SourceTitle "CBM 212 Extra"]
[Source "ChessBase"]
[SourceDate "2023.03.31"]
[SourceVersion "1"]
[SourceVersionDate "2023.03.31"]
[SourceQuality "1"]

1. e4 e5 2. Nf3 Nc6 3. Bb5 Nge7 4. Nc3 g6 5. d4 exd4 6. Nd5 Bg7 7. Bg5 h6 8. Bf6 Bxf6 9. Nxf6+ Kf8 10. Qd2 a6 11. Bxc6 dxc6 12. 0-0-0 Kg7 13. Nxd4 Qd6 14. Qe3 Qxf6 15. e5 Qg5 16. f4 Nd5 17. Ne6+ Bxe6 18. Rxd5 Qxg2 19. Rdd1 Bf5 20. Qc3 Kh7 21. e6 Bxe6 22. Qf6 Qe4 23. Rde1 Qf5 24. Qh4 g5 25. Qh5 Qxf4+ 26. Kb1 Qg4 27. Qxg4 Bxg4 28. Re7 Be6 29. Re1 Kg6 30. Rxc7 Rab8 0-1

[Event "Wch U20 59th"]
[Site "Cala Gonone"]
[Date "2022.10.14"]
[Round "4"]
[White "Atanasov, Anthony"]
[Black "Liloni, Francesco Mattia"]
[Result "1-0"]
[WhiteElo "2148"]
[BlackElo "1876"]
[PlyCount "49"]
[EventDate "2022.10.12"]
[EventType "swiss"]
[EventRounds "11"]
[EventCountry "ITA"]
[SourceTitle "CBM 210 Extra"]
[Source "ChessBase"]
[SourceDate "2022.11.30"]
[SourceVersion "1"]
[SourceVersionDate "2022.11.30"]
[SourceQuality "1"]

1. e4 e5 2. Nc3 Nf6 3. Nf3 d5 4. exd5 e4 5. Ng5 Bf5 6. Qe2 Bd6 7. d3 0-0 8. dxe4 Re8 9. Be3 Nxe4 10. Ngxe4 Bxe4 11. Nxe4 Rxe4 12. Qf3 Rb4 13. 0-0-0 Nd7 14. Bd3 Ne5 15. Qe2 Qf6 16. c3 Ra4 17. Bxh7+ Kh8 18. Bc2 Rxa2 19. Kb1 Rxb2+ 20. Kxb2 b5 21. Qh5+ Kg8 22. Bg5 Nc4+ 23. Ka2 Qxc3 24. Qh7+ Kf8 25. Qh8# 1-0

[Event "ITA-ch sf 81st"]
[Site "Acqui Terme"]
[Date "2022.06.14"]
[Round "4"]
[White "Sala, Giulia"]
[Black "Liloni, Francesco Mattia"]
[Result "1/2-1/2"]
[WhiteElo "1863"]
[BlackElo "1931"]
[PlyCount "25"]
[EventDate "2022.06.12"]
[EventType "swiss"]
[EventRounds "9"]
[EventCountry "ITA"]
[SourceTitle "CBM 208 Extra"]
[Source "ChessBase"]
[SourceDate "2022.07.31"]
[SourceVersion "1"]
[SourceVersionDate "2022.07.31"]
[SourceQuality "1"]

1. e4 e5 2. Nf3 Nc6 3. Bc4 Nf6 4. d3 h6 5. 0-0 d6 6. d4 Bg4 7. dxe5 dxe5 8. Nbd2 Bc5 9. c3 a6 10. Qe2 0-0 11. Rd1 Qe7 12. h3 Be6 13. Nf1 1/2-1/2

[Event "ITA-ch sf 81st"]
[Site "Acqui Terme"]
[Date "2022.06.13"]
[Round "2"]
[White "Perossa, Nicolas"]
[Black "Liloni, Francesco Mattia"]
[Result "1-0"]
[WhiteElo "2088"]
[BlackElo "1931"]
[PlyCount "66"]
[EventDate "2022.06.12"]
[EventType "swiss"]
[EventRounds "9"]
[EventCountry "ITA"]
[SourceTitle "CBM 208 Extra"]
[Source "ChessBase"]
[SourceDate "2022.07.31"]
[SourceVersion "1"]
[SourceVersionDate "2022.07.31"]
[SourceQuality "1"]

1. e4 e5 2. Nf3 Nc6 3. Bc4 Nf6 4. d3 h6 5. c3 d6 6. h3 g5 7. Nbd2 Bg7 8. Bb3 0-0 9. Nf1 d5 10. Ng3 dxe4 11. dxe4 Qe7 12. Be3 Na5 13. Qc1 Nh7 14. h4 g4 15. Nh2 Nxb3 16. axb3 Qd6 17. Ra5 b6 18. Rd5 Qg6 19. h5 Qf6 20. Qd1 Qh4 21. Nf3 Qe7 22. Nh4 Be6 23. Nhf5 Qf6 24. Qxg4 Kh8 25. Rxe5 Qxe5 26. Bd4 Rg8 27. Bxe5 Bxe5 28. Qe2 Rad8 29. 0-0 Bf4 30. Rd1 Ng5 31. Nxh6 Bxb3 32. Rxd8 Rxd8 33. Qg4 Ne6 1-0

[Event "Bassano del Grappa Easter op-A 2nd"]
[Site "Bassano del Grappa"]
[Date "2022.04.18"]
[Round "9"]
[White "Bachi, Jacopo Francesco"]
[Black "Liloni, Francesco Mattia"]
[Result "0-1"]
[WhiteElo "1671"]
[BlackElo "1936"]
[PlyCount "48"]
[EventDate "2022.04.14"]
[EventType "swiss"]
[EventRounds "9"]
[EventCountry "ITA"]
[SourceTitle "EXT 2024"]
[Source "ChessBase"]
[SourceDate "2023.10.10"]
[SourceVersion "1"]
[SourceVersionDate "2023.10.10"]
[SourceQuality "1"]

1. e4 e5 2. Nf3 Nc6 3. Bc4 Nf6 4. d3 h6 5. Nc3 g5 6. d4 exd4 7. Nxd4 Ne5 8. Bb3 d6 9. f3 a6 10. a4 Bg7 11. Be3 Qe7 12. Qd2 Bd7 13. Nd5 Nxd5 14. Bxd5 c6 15. Bb3 Ng6 16. c3 0-0-0 17. Bc2 Rde8 18. Kf2 Rhf8 19. b4 Ne5 20. Qe2 f5 21. b5 fxe4 22. bxa6 exf3 23. axb7+ Kb8 24. Qa6 Ng4+ 0-1